000 00470nam a22001937a 4500
003 OSt
005 20180116183027.0
008 151215b xxu||||| |||| 00| 0 eng d
020 _a0
040 _c0
082 _a813.54 SEL 1986
100 _aOwen Sela
245 _aThe Brandenburg Graduates
_cOwen Sela
260 _aLondon
_bFontana/Collins
_c1986
300 _a348 p.
_bPB
440 _aThe Brandenburg Graduates
600 _aOwen Sela
942 _2ddc
_cBK
999 _c350831
_d350831